[Event "Saarlouis op 6th"]
[White "Naeckel, Gerhard"]
[Black "Ney, Guenther"]
[Site "Saarlouis"]
[Round "7"]
[Result "0-1"]
[Date "2003.06.01"]
[WhiteElo "2187"]
[BlackElo "2036"]
[PlyCount "110"]
[EventDate "2003.05.??"]
[EventType "swiss"]
[EventRounds "7"]
[EventCountry "GER"]
[SourceTitle "EXT 2006"]
[Source "ChessBase"]
[SourceDate "2005.11.24"]
[SourceVersion "1"]
[SourceVersionDate "2005.11.24"]
[SourceQuality "1"]

1. e4 d6 2. d4 Nf6 3. Bd3 e5 4. c3 g6 5. Ne2 Bg7 6. h3 c5 7. d5 0-0 8. Bg5 Nbd7 9. c4 Qc7 10. Nbc3 a6 11. Qd2 Re8 12. g4 b5 13. Ng3 bxc4 14. Bxc4 Nb6 15. Bd3 Bd7 16. Bh6 Reb8 17. Bxg7 Kxg7 18. Nh5+ Nxh5 19. gxh5 Na4 20. Nxa4 Bxa4 21. Rc1 Qb6 22. b3 Bd7 23. Ke2 a5 24. h4 Bg4+ 25. f3 Bxh5 26. Rhg1 Qd8 27. Rh1 a4 28. Bc4 Qf6 29. Rh3 axb3 30. Bxb3 Rb4 31. Rc4 Rxc4 32. Bxc4 Ra4 33. Qc2 Ra3 34. Bb3 Qf4 35. Kf2 f5 36. Qb2 Ra7 37. exf5 gxf5 38. Qc3 Kf7 39. Qe3 Qxe3+ 40. Kxe3 f4+ 41. Kd3 Kf6 42. Kc4 Ra5 43. a4 Be8 44. Bc2 h6 45. Rh1 Bxa4 46. Be4 Bb5+ 47. Kb3 Be8 48. Rg1 Bf7 49. Kc3 Ra3+ 50. Kb2 Re3 51. Rg2 Bh5 52. Rf2 Bg6 53. h5 Bxe4 54. fxe4 f3 55. Kc2 Re2+ 0-1

[Event "Saarlouis op 4th"]
[White "Naeckel, Gerhard"]
[Black "Ney, Guenther"]
[Site "Saarlouis"]
[Round "9"]
[Result "1-0"]
[Date "2001.05.27"]
[WhiteElo "2197"]
[BlackElo "2019"]
[PlyCount "55"]
[EventDate "2001.05.??"]
[EventType "swiss"]
[EventRounds "9"]
[EventCountry "GER"]
[SourceTitle "EXT 2006"]
[Source "ChessBase"]
[SourceDate "2005.11.24"]
[SourceVersion "1"]
[SourceVersionDate "2005.11.24"]
[SourceQuality "1"]

1. e4 d6 2. d4 Nf6 3. Bd3 g6 4. Nc3 Bg7 5. Bg5 0-0 6. Qd2 c6 7. Nge2 b5 8. a3 Nbd7 9. h4 a5 10. h5 Re8 11. hxg6 fxg6 12. Bh6 Bh8 13. e5 dxe5 14. Qg5 e4 15. Nxe4 Nf8 16. Qh4 Bg7 17. Bxg7 Kxg7 18. Qh6+ Kg8 19. Ng5 Ng4 20. Qh4 Qd6 21. Nxh7 Bf5 22. Bxf5 gxf5 23. Nxf8 Kxf8 24. Qh8+ Kf7 25. Qh7+ Kf6 26. Ng3 Qd5 27. Nh5+ Ke6 28. Nf4+ 1-0

[Event "Saarlouis op 4th"]
[White "Jenal, Ralph"]
[Black "Naeckel, Gerhard"]
[Site "Saarlouis"]
[Round "8"]
[Result "1/2-1/2"]
[Date "2001.05.26"]
[WhiteElo "2061"]
[BlackElo "2197"]
[PlyCount "28"]
[EventDate "2001.05.??"]
[EventType "swiss"]
[EventRounds "9"]
[EventCountry "GER"]
[SourceTitle "EXT 2006"]
[Source "ChessBase"]
[SourceDate "2005.11.24"]
[SourceVersion "1"]
[SourceVersionDate "2005.11.24"]
[SourceQuality "1"]

1. d4 Nf6 2. Nf3 c5 3. e3 e6 4. c3 d5 5. Bd3 Be7 6. Nbd2 0-0 7. 0-0 Qc7 8. e4 dxe4 9. Nxe4 Nc6 10. Nxf6+ Bxf6 11. dxc5 Ne5 12. Nxe5 Qxe5 13. Qe2 Qxe2 14. Bxe2 Bd7 1/2-1/2

[Event "Saarlouis op 4th"]
[White "Naeckel, Gerhard"]
[Black "Maschler, Andreas"]
[Site "Saarlouis"]
[Round "3"]
[Result "1/2-1/2"]
[Date "2001.05.20"]
[WhiteElo "2197"]
[BlackElo "1000"]
[PlyCount "30"]
[EventDate "2001.05.??"]
[EventType "swiss"]
[EventRounds "9"]
[EventCountry "GER"]
[SourceTitle "EXT 2006"]
[Source "ChessBase"]
[SourceDate "2005.11.24"]
[SourceVersion "1"]
[SourceVersionDate "2005.11.24"]
[SourceQuality "1"]

1. e4 e6 2. d4 d5 3. Nd2 Nf6 4. e5 Ne4 5. Nxe4 dxe4 6. Be3 c5 7. c3 cxd4 8. Qxd4 Qxd4 9. Bxd4 Nc6 10. Rd1 b6 11. Nh3 Bb7 12. Bb5 Be7 13. 0-0 0-0 14. Bxc6 Bxc6 15. Rfe1 h6 1/2-1/2

[Event "Saarlouis op 4th"]
[White "Naeckel, Gerhard"]
[Black "Harke, Horst"]
[Site "Saarlouis"]
[Round "1"]
[Result "1-0"]
[Date "2001.05.19"]
[WhiteElo "2197"]
[BlackElo "1706"]
[PlyCount "147"]
[EventDate "2001.05.??"]
[EventType "swiss"]
[EventRounds "9"]
[EventCountry "GER"]
[SourceTitle "EXT 2006"]
[Source "ChessBase"]
[SourceDate "2005.11.24"]
[SourceVersion "1"]
[SourceVersionDate "2005.11.24"]
[SourceQuality "1"]

1. e4 c6 2. d4 d5 3. e5 Bf5 4. c3 e6 5. Bd3 Bxd3 6. Qxd3 Nd7 7. Nf3 Be7 8. Nbd2 c5 9. Nf1 cxd4 10. cxd4 Nb6 11. Ne3 Bb4+ 12. Bd2 Bxd2+ 13. Qxd2 Ne7 14. 0-0 0-0 15. Qd3 Nc6 16. a3 Rc8 17. Rfc1 Na5 18. Rxc8 Nxc8 19. b4 Nc6 20. Rc1 N6e7 21. Rc5 b6 22. Rc3 Ng6 23. Qc2 h6 24. Rc7 Nf4 25. Qc6 Kh8 26. g3 Ng6 27. Qb7 Kg8 28. b5 h5 29. h4 Nge7 30. Ng5 g6 31. Kg2 Kg7 32. Nc2 Qe8 33. a4 Nf5 34. Nxf7 Rxf7 35. Rxf7+ Qxf7 36. Qxc8 Qe7 37. Qc3 g5 38. hxg5 Qxg5 39. Qc7+ Kh6 40. Qc8 Nh4+ 41. Kf1 Ng6 42. Ne3 Qe7 43. Qc3 Qg5 44. Qc6 Qe7 45. Qd6 Qg7 46. Ke2 h4 47. Ng4+ Kg5 48. Nf6 hxg3 49. fxg3 Ne7 50. g4 Ng6 51. Qc5 Ne7 52. Qc1+ Kg6 53. Qc2+ Kh6 54. Kf3 Qg6 55. Qxg6+ Kxg6 56. Kf4 Kf7 57. Nh5 Kg6 58. Ng3 Kh6 59. Nf1 Ng6+ 60. Kg3 Kg5 61. Nd2 Nf8 62. Nf3+ Kh6 63. Kh4 Ng6+ 64. Kg3 Ne7 65. Ne1 Kg5 66. Kf3 Ng8 67. Nd3 Nh6 68. Nb4 Nxg4 69. Nc6 Kf5 70. Nxa7 Nxe5+ 71. dxe5 Kxe5 72. Nc8 Kd4 73. a5 Kc3 74. axb6 1-0

[Event "Saarlouis op 3rd"]
[White "Holscher, Peter AC"]
[Black "Naeckel, Gerhard"]
[Site "Saarlouis"]
[Round "7"]
[Result "1/2-1/2"]
[Date "2000.06.02"]
[WhiteElo "2093"]
[BlackElo "2189"]
[PlyCount "138"]
[EventDate "2000.05.27"]
[EventType "swiss"]
[EventRounds "9"]
[EventCountry "GER"]
[SourceTitle "EXT 2006"]
[Source "ChessBase"]
[SourceDate "2005.11.24"]
[SourceVersion "1"]
[SourceVersionDate "2005.11.24"]
[SourceQuality "1"]

1. d4 g6 2. Nf3 Bg7 3. g3 Nf6 4. Bg2 d6 5. c4 0-0 6. Nc3 Nbd7 7. 0-0 c6 8. h3 e5 9. Be3 e4 10. Nd2 d5 11. cxd5 cxd5 12. Rc1 Nb6 13. Qb3 Be6 14. a4 Qd7 15. Kh2 Rfc8 16. Qa2 Rc6 17. a5 Nc8 18. Na4 Ne7 19. Nc5 Qc8 20. Ndb3 Bf5 21. Qa4 b6 22. g4 Bxg4 23. Nxe4 dxe4 24. Rxc6 Nxc6 25. hxg4 Qb8+ 26. Kh3 b5 27. Qa1 h5 28. f3 Qc8 29. Kh2 Qc7+ 30. Kg1 exf3 31. exf3 Re8 32. Qc1 Qd6 33. Bf4 Qd7 34. Rd1 Qd5 35. Qc3 Re2 36. Rd2 Re1+ 37. Kf2 Re8 38. Rc2 Nd8 39. g5 Nd7 40. Be3 Qf5 41. Re2 f6 42. Qc2 fxg5 43. Qxf5 gxf5 44. Bxg5 Rxe2+ 45. Kxe2 Ne6 46. Be3 f4 47. Bf2 a6 48. Bh3 Kf7 49. d5 Nef8 50. Nd4 Be5 51. Be6+ Ke8 52. Nxb5 axb5 53. a6 Bb8 54. a7 Bxa7 55. Bxa7 Nxe6 56. dxe6 Nf8 57. Kd3 h4 58. Ke4 h3 59. Bg1 Nxe6 60. Kf5 Kf7 61. Kg4 Nd4 62. Bh2 Ne2 63. Kxh3 Ke6 64. Kg4 Ke5 65. b4 Kd5 66. Bxf4 Nxf4 67. Kxf4 Kc4 68. Ke3 Kxb4 69. f4 Kc5 1/2-1/2

[Event "Saarlouis op 3rd"]
[White "Naeckel, Gerhard"]
[Black "Welling, Gerard J"]
[Site "Saarlouis"]
[Round "6"]
[Result "0-1"]
[Date "2000.05.31"]
[WhiteElo "2189"]
[BlackElo "2346"]
[PlyCount "128"]
[EventDate "2000.05.27"]
[EventType "swiss"]
[EventRounds "9"]
[EventCountry "GER"]
[SourceTitle "EXT 2006"]
[Source "ChessBase"]
[SourceDate "2005.11.24"]
[SourceVersion "1"]
[SourceVersionDate "2005.11.24"]
[SourceQuality "1"]

1. e4 d6 2. d4 Nf6 3. Nc3 c6 4. Be2 Qa5 5. Bf3 e5 6. Nge2 Be7 7. 0-0 b5 8. Ng3 g6 9. Bh6 Nbd7 10. dxe5 dxe5 11. Re1 Bb7 12. a3 Qc7 13. Bg7 Rg8 14. Bxf6 Bxf6 15. Nf1 h5 16. Ne3 0-0-0 17. Qe2 Nc5 18. Nb1 Ne6 19. c3 Be7 20. b4 a6 21. a4 Rd7 22. axb5 axb5 23. Ra5 Rgd8 24. g3 Qb6 25. Rd1 Rxd1+ 26. Nxd1 Rd7 27. Ra2 Bg5 28. Nd2 Kd8 29. Nf1 Ke8 30. Nde3 Kf8 31. h4 Be7 32. Bxh5 gxh5 33. Qxh5 Ke8 34. Qxe5 Qc7 35. Qh8+ Bf8 36. Nf5 c5 37. f3 cxb4 38. cxb4 Qc4 39. Ra7 Qxb4 40. Kg2 Bxe4 41. Rxd7 Kxd7 42. Qf6 Bxf5 43. Qxf7+ Be7 44. Qxf5 Qc4 45. Qe4 Qxe4 46. fxe4 Kd6 47. Kf3 Ke5 48. Ke3 Bc5+ 49. Kd3 Bd4 50. Nd2 Nc5+ 51. Kc2 Be3 52. Nf1 Bf2 53. h5 Nxe4 54. Kb3 Be1 55. h6 Kf6 56. Ne3 Kg6 57. Nf5 Nc5+ 58. Kc2 b4 59. g4 Bf2 60. Kd2 Bg1 61. Ke2 Bh2 62. Ke3 Be5 63. Nd4 Bxd4+ 64. Kxd4 Kxh6 0-1

[Event "Saarlouis op 2nd"]
[White "Kammer, Roland"]
[Black "Naeckel, Gerhard"]
[Site "Saarlouis"]
[Round "4"]
[Result "1/2-1/2"]
[Date "1999.05.31"]
[WhiteElo "2159"]
[BlackElo "2182"]
[PlyCount "48"]
[EventDate "1999.05.??"]
[EventType "swiss"]
[EventRounds "9"]
[EventCountry "GER"]
[SourceTitle "EXT 2006"]
[Source "ChessBase"]
[SourceDate "2005.11.24"]
[SourceVersion "1"]
[SourceVersionDate "2005.11.24"]
[SourceQuality "1"]

1. e4 e5 2. Nf3 Nf6 3. Nxe5 d6 4. Nf3 Nxe4 5. Nc3 Nxc3 6. dxc3 Nc6 7. Be3 Be7 8. Qd2 Be6 9. Nd4 Nxd4 10. cxd4 d5 11. Bd3 Bd6 12. Bf4 Qd7 13. 0-0 0-0 14. c3 c6 15. Rae1 Qc7 16. Be5 f6 17. Bxd6 Qxd6 18. Re3 Rae8 19. Rfe1 Bd7 20. Qc2 f5 21. Rxe8 Rxe8 22. Rxe8+ Bxe8 23. Qe2 Kf8 24. g3 g6 1/2-1/2

[Event "Saarlouis op 1st"]
[White "Naeckel, Gerhard"]
[Black "Ferner, Joachim"]
[Site "Saarlouis"]
[Round "9"]
[Result "1/2-1/2"]
[Date "1998.??.??"]
[WhiteElo "1956"]
[BlackElo "1756"]
[PlyCount "21"]
[EventDate "1998.??.??"]
[EventType "swiss"]
[EventRounds "9"]
[EventCountry "GER"]
[SourceTitle "EXT 2006"]
[Source "ChessBase"]
[SourceDate "2005.11.24"]
[SourceVersion "1"]
[SourceVersionDate "2005.11.24"]
[SourceQuality "1"]

1. e4 c5 2. Nf3 Nc6 3. Bb5 d6 4. d4 cxd4 5. Nxd4 Bd7 6. Nc3 Nf6 7. 0-0 e5 8. Nb3 a6 9. Be2 Be6 10. Bg5 Be7 11. Qd2 1/2-1/2

[Event "Saarlouis op 1st"]
[White "Naeckel, Gerhard"]
[Black "Feygin, Michael"]
[Site "Saarlouis"]
[Round "6"]
[Result "0-1"]
[Date "1998.??.??"]
[WhiteElo "1956"]
[BlackElo "2515"]
[PlyCount "58"]
[EventDate "1998.??.??"]
[EventType "swiss"]
[EventRounds "9"]
[EventCountry "GER"]
[SourceTitle "EXT 2006"]
[Source "ChessBase"]
[SourceDate "2005.11.24"]
[SourceVersion "1"]
[SourceVersionDate "2005.11.24"]
[SourceQuality "1"]

1. e4 e6 2. d4 d5 3. Nd2 c5 4. c3 Nf6 5. e5 Nfd7 6. Bd3 Nc6 7. Ne2 cxd4 8. cxd4 f6 9. Nf4 Qe7 10. exf6 Qxf6 11. Nf3 Bb4+ 12. Kf1 0-0 13. h4 Bd6 14. Bxh7+ Kxh7 15. Nxe6 Rh8 16. h5 Kg8 17. Nxg7 Qxg7 18. h6 Qg6 19. Nh4 Qe6 20. Qh5 Kh7 21. Nf3 Be7 22. Bg5 Qg6 23. Qh4 Nf6 24. Re1 Rg8 25. g3 Bg4 26. Qxg4 Nxg4 27. Bxe7 Qc2 28. Re2 Qd1+ 29. Ne1 Nxd4 0-1